000 00858cam a22002651 4500
001 28534
003 BD-RjUL
005 20211209051309.0
008 140331t19631938nyua b 001 0 eng d
035 _a(BD-RjUL)28615
040 _aDLC
_cOYesA
_dOCoLC
_dDLC
_dBD-RjUL
_beng
041 _aeng
082 0 4 _a917.4
_bWEF 1963
100 1 _aWertenbaker, Thomas Jefferson,
_d1879-1966.
_987406
245 1 4 _aThe founding of American civilization :
_b the Middle Colonies /
_cby Thomas Jefferson Wertenbaker
260 _aNew York :
_bCooper Square Publishers,
_c1963 [c1938]
300 _axiii, 364 p. :
_billus. ;
_c24 cm.
500 _aInclude index
504 _aBibliographical footnotes.
651 0 _aMiddle Atlantic States
_xCivilization.
_987407
740 4 _aThe Middle Colonies.
942 _2ddc
_cBK
999 _c28534
_d28534